000 01691cad a22002535a 4500
001 L148333
008 090907s2009 xxkdo f 000 0 eng d
020 _a9781409815488
035 _a(Sirsi) u148333
041 0 _aeng
050 0 4 _a692.2 $2 18
110 2 _aUnited Kingdom
_bDepartment for Communities and Local Government
_94939
245 0 0 _aFuture of building control
_bimplementation plan
_h[electronic resource]
260 _aLondon
_bDCLG
_c2009
505 2 _aMinisterial foreword -- Vision and roles and responsibilities -- A new future for building control -- A better approach to regulations and guidance -- Modernising inspection and enforcement -- Reform of disputes and complaints -- Alternatives ways to comply -- Strengthening performance management -- Evidence of compliance -- Way forward -- Implementation plan milestone map
520 _aPresents an implementation plan of changes to the building control system, with the goal of increasing compliance with the Building Regulations and addressing challenges such as climate change, demographic change and the strong demand for housing. New measures include: limitation of changes to regulation to points identified from a periodic review process; improvement of support and advice to customers; change to a formal risk-based compliance mechanism.
521 _aAdvanced
590 _aKA NTK
650 2 4 _aBUILDING REGULATIONS 2000
651 4 _aEngland and Wales
_y1543-
690 _aBUILT ENVIRONMENT-BUILDING STANDARDS
856 4 0 _uhttps://www.gov.uk/government/publications/future-of-building-control-implementation-plan
_zView the consultation free of charge at www.communities.gov.uk...
942 _n0
999 _c110005
_d110005